Artist by Painting Quiz Stats

 Plays Quiz Updated Jun 12, 2018

Challenge
Share
Tweet
Score 0/25 Timer 05:00
3 Plays Today
Picture Number Artist % Correct
7Leonardo Da Vinci
91.6%
8Vincent Van Gogh
83.9%
2Andy Warhol
80.1%
16Pablo Picasso
70.3%
19Salvador Dalí
63%
1Edvard Munch
60%
15Frida Kahlo
56.8%
4Édouard Manet
49.3%
9James Abbott McNeill Whistler
45.9%
6Sandro Botticelli
38.3%
22Jan Vermeer
37.7%
12Norman Rockwell
36.4%
14M.C. Escher
32.3%
Picture Number Artist % Correct
21Rembrandt van Rijn
32%
5Piet Mondrian
29.8%
18Georges-Pierre Seurat
29.1%
25Grant Wood
22.5%
20Jan van Eyck
17.4%
13Mary Cassatt
16%
3Hans Holbein the Younger
15.4%
17Georgia O'Keeffe
14.1%
11Andrew Wyeth
13.8%
24Katsushika Hokusai
9.4%
23Bob Ross
6.5%
10Frederic Edwin Church
3.6%

You're not logged in!

Compare scores with friends on all Sporcle quizzes.
Join for Free
OR
Log In

You Might Also Like...

Show Comments

Extras

Top Quizzes Today


Score Distribution

Your Account Isn't Verified!

In order to create a playlist on Sporcle, you need to verify the email address you used during registration. Go to your Sporcle Settings to finish the process.

Report this User

Report this user for behavior that violates our Community Guidelines.

Details: